Využitie kvapalinovej chromatografie pre separáciu enantiomérov biologicky aktívnych látok

Na minha lista:
Detalhes bibliográficos
Autor principal: Lazorová, Paula (Author)
Outros Autores: Hroboňová, Katarína (Thesis advisor)
Formato: Manuscrito Livro
Idioma:eslovaco
Publicado em: 2022
Assuntos:
Acesso em linha:http://is.stuba.sk/zp/portal_zp.pl?podrobnosti=156985
Tags: Adicionar Tag
Sem tags, seja o primeiro a adicionar uma tag!

MARC

LEADER 00000ntm a22000003a 4500
001 stuzp90139
003 SK-STU
005 20220625211604.7
007 ta
008 150427s2015----xo-----f-mn---000-0-slo-d
040 |a STU  |b slo 
041 0 |a slo 
100 1 |a Lazorová, Paula  |u 041000  |4 aut  |U FCHPT Fakulta chemickej a potravinárskej technológie  |T FCHPT Ústav analytickej chémie  |X 104723  |U C1000  |Y 99  |7 104723 
242 0 1 |a Use of liquid chromatography for the separation of enantiomers of biologically active substances  |y eng 
245 1 0 |a Využitie kvapalinovej chromatografie pre separáciu enantiomérov biologicky aktívnych látok 
260 |c 2022 
650 4 |a separácia enantiomérov  |2 slo 
650 4 |a HPLC  |2 slo 
650 4 |a liečivá  |2 slo 
650 4 |a drugs  |2 eng 
650 4 |a separation of enantiomers  |2 eng 
650 4 |a HPLC  |2 eng 
700 1 |a Hroboňová, Katarína  |u 041000  |k Z1  |4 ths  |U FCHPT Fakulta chemickej a potravinárskej technológie  |T FCHPT Ústav analytickej chémie  |X 3931  |U C1000  |Y 99  |7 A000003931 
856 4 |u http://is.stuba.sk/zp/portal_zp.pl?podrobnosti=156985